000 00771nam a2200217Ii 4500
003 JO-AjNU
008 230605s9999||||xx |||||||||||||| ||und||
017 _a2000/12/3254
040 _aJO-AjNU
_bara
_erda
_cJO-AjNU
041 _aara
050 1 4 _aHG1616.M3.M8264 2007
100 3 _aتأليف: معلا، ناجي,
_eauthor
_930782
245 0 0 _aالاصول العلمية للتسويق المصرفي
250 _aط3 مزيدة ومنقحة
264 3 1 _aعمان: د.ن، 2007
300 _a365ص
_bيحتوي على ببلوغرافية ومسرد مصطلحات من 345-365ص
336 _atext
_btxt
_2rdacontent
337 _aunmediated
_bn
_2rdamedia
338 _avolume
_bnc
_2rdacarrier
650 4 _aادارة الاعمال -التسويق
_930783
999 _aA12242
_c15810
_d15810